日本の空港の3レターコード - Statistics

General Stats
  • This quiz has been taken 1,316 times
  • The average score is 32 of 88
Answer Stats
空港名 IATA % Correct
成田国際空港 NRT
99%
東京国際空港 HND
94%
大阪国際空港 ITM
84%
関西国際空港 KIX
83%
新千歳空港 CTS
80%
中部国際空港 NGO
70%
函館空港 HKD
68%
福岡空港 FUK
66%
長崎空港 NGS
60%
大分空港 OIT
59%
那覇空港 OKA
57%
仙台空港 SDJ
57%
稚内空港 WKJ
54%
熊本空港 KMJ
52%
松山空港 MYJ
51%
広島空港 HIJ
48%
北九州空港 KKJ
48%
高松空港 TAK
48%
青森空港 AOJ
47%
新潟空港 KIJ
47%
鹿児島空港 KOJ
47%
女満別空港 MMB
47%
旭川空港 AKJ
46%
岡山空港 OKJ
43%
山口宇部空港 UBJ
42%
釧路空港 KUH
41%
隠岐空港 OKI
41%
秋田空港 AXT
40%
帯広空港 OBO
39%
壱岐空港 IKI
37%
利尻空港 RIS
37%
富山空港 TOY
37%
鳥取空港 TTJ
37%
高知空港 KCZ
36%
宮崎空港 KMI
36%
新石垣空港 ISG
35%
石見空港 IWJ
35%
神戸空港 UKB
35%
松本空港 MMJ
34%
福島空港 FKS
33%
岩国飛行場 IWK
33%
札幌飛行場 OKD
33%
徳島飛行場 TKS
33%
福井空港 FKJ
32%
山形空港 GAJ
32%
出雲空港 IZO
32%
大館能代空港 ONJ
32%
屋久島空港 KUM
30%
宮古空港 MMY
30%
庄内空港 SYO
30%
静岡空港 FSZ
29%
能登空港 NTQ
29%
中標津空港 SHB
29%
八丈島空港 HAC
28%
花巻空港 HNA
28%
小松飛行場 KMQ
28%
三沢飛行場 MSJ
28%
礼文空港 RBJ
28%
紋別空港 MBE
27%
対馬空港 TSJ
27%
美保飛行場 YGJ
27%
奄美空港 ASJ
26%
福江空港 FUJ
26%
喜界空港 KKX
23%
名古屋飛行場 NKM
23%
下地島空港 SHI
23%
佐賀空港 HSG
22%
百里飛行場 IBR
22%
伊江島空港 IEJ
22%
南紀白浜空港 SHM
22%
徳之島空港 TKN
21%
天草飛行場 AXJ
20%
南大東空港 MMD
20%
種子島空港 TNE
20%
波照間空港 HTR
19%
北大東空港 KTD
19%
奥尻空港 OIR
18%
粟国空港 AGJ
17%
沖永良部空港 OKE
17%
大島空港 OIM
16%
与論空港 RNJ
16%
佐渡空港 SDS
16%
多良間空港 TRA
16%
三宅島空港 MYE
15%
但馬飛行場 TJH
14%
与那国空港 OGN
13%
久米島空港 UEO
13%
慶良間空港 KJP
10%
No matching quizzes found
Score Distribution
Percent of People with Each Score
Percentile by Number Answered
Your Score History
You have not taken this quiz